| 000 | 00381nam a22001457a 4500 | ||
|---|---|---|---|
| 003 | OSt | ||
| 005 | 20251111134106.0 | ||
| 008 | 251111b |||||||| |||| 00| 0 eng d | ||
| 020 | _a9781401603250 | ||
| 040 | _cBECKER&MAYER | ||
| 050 | _aE 176.1 .W7235 2007 | ||
| 245 |
_aAMERICA'S PRESIDENTS _cWILLS, CHUCK |
||
| 260 |
_aBELLEVUE, WASHINGTON _bBECKER&MAYER _c2007 |
||
| 942 |
_2ddc _cBK _n0 |
||
| 999 |
_c9767 _d9767 |
||